National security, leaks, and freedom of the press : (Record no. 126865)

MARC details
000 -LEADER
campo de control de longitud fija 05802cam a2200541 i 4500
001 - NÚMERO DE CONTROL
campo de control 21717849
003 - IDENTIFICADOR DE NÚMERO DE CONTROL
campo de control BJBSDDR
005 - FECHA Y HORA DE LA ÚLTIMA TRANSACCIÓN
campo de control 20260421121035.0
007 - CAMPO FIJO DE DESCRIPCIÓN FÍSICA--INFORMACIÓN GENERAL
campo de control de longitud fija ta
008 - DATOS DE LONGITUD FIJA--INFORMACIÓN GENERAL
campo de control de longitud fija 200914s2021 nyu b 001 0 eng
010 ## - NÚMERO DE CONTROL DE LA BIBLIOTECA DEL CONGRESO
Número de control de LC 2020041790
020 ## - NÚMERO INTERNACIONAL ESTÁNDAR DEL LIBRO
Número Internacional Estándar del Libro 9780197519387
Información calificativa (hardback)
020 ## - NÚMERO INTERNACIONAL ESTÁNDAR DEL LIBRO
Número Internacional Estándar del Libro 9780197519394
Información calificativa (paperback)
020 ## - NÚMERO INTERNACIONAL ESTÁNDAR DEL LIBRO
ISBN cancelado o inválido 9780197519417
Información calificativa (epub)
020 ## - NÚMERO INTERNACIONAL ESTÁNDAR DEL LIBRO
ISBN cancelado o inválido 9780197519424
035 ## - NÚMERO DE CONTROL DEL SISTEMA
Número de control de sistema 21717849
040 ## - FUENTE DE CATALOGACIÓN
Centro catalogador/agencia de origen DLC
Lengua de catalogación eng
Normas de descripción rda
Centro/agencia transcriptor DLC
041 ## - CÓDIGO DE IDIOMA
Código de lengua del texto/banda sonora o título independiente eng
042 ## - CÓDIGO DE AUTENTICACIÓN
Código de autenticación pcc
043 ## - CÓDIGO DE ÁREA GEOGRÁFICA
Código de área geográfica n-us---
050 00 - SIGNATURA TOPOGRÁFICA DE LA BIBLIOTECA DEL CONGRESO
Número de clasificación KF5753
Número de ítem N277n 2021
082 00 - NÚMERO DE LA CLASIFICACIÓN DECIMAL DEWEY
Número de clasificación 342.7308/53
Número de edición 23
245 10 - MENCIÓN DEL TÍTULO
Título National security, leaks, and freedom of the press :
Resto del título the Pentagon papers fifty years on /
Mención de responsabilidad, etc. edited by Lee C. Bollinger and Geoffrey R. Stone.
264 #1 - PRODUCCIÓN, PUBLICACIÓN, DISTRIBUCIÓN, FABRICACIÓN Y COPYRIGHT
Producción, publicación, distribución, fabricación y copyright New York, NY :
Nombre del de productor, editor, distribuidor, fabricante Oxford University Press,
Fecha de producción, publicación, distribución, fabricación o copyright [2021].
300 ## - DESCRIPCIÓN FÍSICA
Extensión xviii, 357 pages ;
Dimensiones 24 cm.
336 ## - TIPO DE CONTENIDO
Término de tipo de contenido text
Código de tipo de contenido txt
Fuente rdacontent
337 ## - TIPO DE MEDIO
Nombre/término del tipo de medio unmediated
Código del tipo de medio n
Fuente rdamedia
338 ## - TIPO DE SOPORTE
Nombre/término del tipo de soporte volume
Código del tipo de soporte nc
Fuente rdacarrier
504 ## - NOTA DE BIBLIOGRAFÍA, ETC.
Nota de bibliografía, etc. Includes bibliographical references and index.
505 0# - NOTA DE CONTENIDO CON FORMATO
Nota de contenido con formato Fighting for balance / Avril Haines -- Crafting a new compact in the public interest : protecting the national security in an era of leaks / Keith B. Alexander and Jamil N. Jaffer -- Leaks of classified information : lessons learned from a lifetime on the inside/ Michael Morell -- Reform and renewal : lessons from Snowden and the 215 program / Lisa O. Monaco -- Government needs to get its own house in order / Richard A. Clarke -- Behind the scenes with the Snowden files : "how the Washington Post and national security officials dealt with conflicts over government secrecy" / Ellen Nakashima -- Let's be practical : a narrow post-publication leak law would better protect the press / Stephen J. Adler and Bruce D. Brown -- What we owe whistleblowers / Jameel Jaffer -- The long, (futile?) Fight for a federal shield law / Judith Miller -- Covering the cyberwars : the press vs the government in a new age of global conflict / David Sanger -- Outlawing leaks / David A. Strauss -- The growth of press freedoms in the United States since 9/11 / Jack Goldsmith -- Edward Snowden, Donald Trump, and the paradox of national security whistleblowing / Allison Stanger -- Information is power : exploring a constitutional right of access / Mary-Rose Papandrea -- Who said what to whom / Cass R. Sunstein -- Leaks in the age of Trump / Louis Michael Seidman the report of the commission, Lee C. Bollinger, Eric Holder, John O. Brennan, Ann Marie Lipinski, Kathleen Carroll, Geoffrey R. Stone, Stephen W. Coll -- Closing statement / Lee C. Bollinger and Geoffrey R. Stone.
520 ## - RESUMEN, ETC.
Sumario, etc. "This chapter principally reviews the development of the law in the United States since the Pentagon Papers decision. It then more briefly addresses three related subjects: the difficulties in assessing the effectiveness of the Pentagon Papers regime in permitting disclosures that benefit public debate more than they harm national security while discouraging leaks that cause more harm than good; how the US legal framework for handling national security information compares to the United Kingdom's; and how technological and institutional changes over the five decades since the Pentagon Papers decision have called into question some of that decision's premises. I.Developments in US Law Since the Pentagon Papers case, the government only rarely has sought to enjoin publication of material-and only once succeeded in winning an injunction on the ground that publication threatened national security. When courts have examined questions of prior restraints, they have consistently looked to the Pentagon Papers decision's reaffirmance of the presumptive unconstitutionality of prior restraints. Since 1971, the government has never sought criminal penalties against the press for merely receiving or publishing classified information. It has, however, brought criminal prosecutions against government employees who leaked classified information to the press without authorization, and it has also sought to prosecute non-media third parties for their role in disseminating information leaked to them by government insiders. The influence of New York Times Co. has been much more limited in these prosecutions. Indeed, in criminal prosecutions brought against leakers, the Pentagon Papers case has often been sidelined as a "prior restraint case," or not mentioned at all. Recently, the government has broken new ground by bringing criminal charges against an organization that some consider to be part of the press-WikiLeaks-alleging that it actively participated in and abetted a leak of classified information. The relevance of New York Times Co. to that situation is uncertain"--
Fuente proveedora Provided by publisher.
600 10 - PUNTO DE ACCESO ADICIONAL DE MATERIA--NOMBRE DE PERSONA
Nombre de persona Snowden, Edward J.,
Fechas asociadas al nombre 1983-
630 00 - PUNTO DE ACCESO ADICIONAL DE MATERIA--TÍTULO UNIFORME
Título uniforme Pentagon Papers.
650 #0 - PUNTO DE ACCESO ADICIONAL DE MATERIA--TÉRMINO DE MATERIA
Término de materia o nombre geográfico como elemento de entrada Government information
Subdivisión general Law and legislation
Subdivisión geográfica United States.
650 #0 - PUNTO DE ACCESO ADICIONAL DE MATERIA--TÉRMINO DE MATERIA
Término de materia o nombre geográfico como elemento de entrada Public records
Subdivisión general Acces control
Subdivisión geográfica United States.
650 #0 - PUNTO DE ACCESO ADICIONAL DE MATERIA--TÉRMINO DE MATERIA
Término de materia o nombre geográfico como elemento de entrada National security
Subdivisión general Law and legislation
Subdivisión geográfica United States.
650 #0 - PUNTO DE ACCESO ADICIONAL DE MATERIA--TÉRMINO DE MATERIA
Término de materia o nombre geográfico como elemento de entrada Security classification (Government documents)
Subdivisión geográfica United States.
650 #0 - PUNTO DE ACCESO ADICIONAL DE MATERIA--TÉRMINO DE MATERIA
Término de materia o nombre geográfico como elemento de entrada Leaks (Disclosure of information)
Subdivisión geográfica United States
Subdivisión general History.
650 #0 - PUNTO DE ACCESO ADICIONAL DE MATERIA--TÉRMINO DE MATERIA
Término de materia o nombre geográfico como elemento de entrada Freedom of the press
Subdivisión geográfica United States.
650 #0 - PUNTO DE ACCESO ADICIONAL DE MATERIA--TÉRMINO DE MATERIA
Término de materia o nombre geográfico como elemento de entrada Government and the press
Subdivisión geográfica United States.
700 1# - ENTRADA AGREGADA--NOMBRE PERSONAL
Nombre de persona Stone, Geoffrey R.,
Fechas asociadas al nombre 1946-
Término indicativo de función/relación author.
9 (RLIN) 552
700 1# - ENTRADA AGREGADA--NOMBRE PERSONAL
Nombre de persona Bollinger, Lee C.,
Fechas asociadas al nombre 1946-
9 (RLIN) 47951
776 08 - ENTRADA DE FORMULARIO FÍSICO ADICIONAL
Información de relación Online version:
Encabezamiento principal C. Bollinger, Lee.
Título National security, leaks, and freedom of the press
Lugar, editor y fecha de publicación New York, NY : Oxford University Press, [2021]
Número Internacional Estándar del Libro 9780197519417
Número de control del registro (DLC) 2020041791
906 ## - ELEMENTOS DE DATOS F LOCAL, LDF (RLIN)
a 7
b cbc
c orignew
d 1
e ecip
f 20
g y-gencatlg
942 ## - ELEMENTOS DE ENTRADA SECUNDARIOS (KOHA)
Fuente del sistema de clasificación o colocación Clasificación de Library of Congress
Tipo de ítem Koha Libro
Suprimir en OPAC No
946 ## - PROCESAMIENTO DE INFORMACIÓN LOCAL (OCLC)
Iniciales del agente catalogador dpf
Holdings
Estatus retirado Estado de pérdida Fuente del sistema de clasificación o colocación Estado de daño No para préstamo Colección Biblioteca de origen Biblioteca actual Ubicación en estantería Fecha de adquisición Signatura topográfica completa Código de barras Visto por última vez Copia número Tipo de ítem Koha
    Clasificación de Library of Congress     Automatización y Procesos Técnicos Biblioteca Juan Bosch Biblioteca Juan Bosch Automatización y Procesos Técnicos (1er. Piso) 21/04/2026 KF5753 N277n 2021 00000199047 21/04/2026 1 Libro